[Event "7. Lichtenberger Sommer"]
[Site "Berlin"]
[Date "2008.08.22"]
[Round "7.25"]
[White "Gebigke, Martin"]
[Black "Muskewitz, Bernd"]
[Result "1-0"]
[WhiteElo "2151"]
[BlackElo "2030"]
[PlyCount "163"]
[EventDate "2008.??.??"]
[WhiteTeam "SV Berolina Mitte e.V."]
[BlackTeam "TSG Oberschöneweide e.V."]

1. d4 d5 2. c4 c6 3. Nf3 Nf6 4. e3 e6 5. Nc3 Nbd7 6. Qc2 Be7 7. g4 dxc4 8. Bxc4
b5 9. Be2 h6 10. Rg1 g5 11. e4 b4 12. Na4 Bb7 13. e5 Nd5 14. Bd2 Rc8 15. Rc1
Qa5 16. Nc5 Nxc5 17. dxc5 Ba6 18. Bc4 Nf4 19. Bxf4 gxf4 20. Bxa6 Qxa6 21. Qc4
Qxc4 22. Rxc4 a5 23. Ke2 Rd8 24. Nd4 Kd7 25. Kf3 Kc7 26. Rgc1 Rd5 27. Ke4 Rhd8
28. Nf3 f6 29. b3 fxe5 30. Nxe5 Rd2 31. R1c2 Bf6 32. Nf3 Rxc2 33. Rxc2 Rd5 34.
Kxf4 Be7 35. h4 Bxc5 36. Ke4 Be7 37. Ne5 c5 38. h5 Kb6 39. f4 Bf6 40. Nf7 Bg7
41. Rg2 Rd4+ 42. Ke3 Rd7 43. Nxh6 Bxh6 44. g5 Bf8 45. Ke4 Rh7 46. h6 Kc6 47.
Rd2 Rd7 48. Rg2 Kd6 49. Rh2 Rh7 50. Rc2 Kd7 51. Ke5 Rf7 52. Rd2+ Ke7 53. Rh2
Rh7 54. f5 exf5 55. Kxf5 Rh8 56. Re2+ Kd7 57. Re6 Bd6 58. Rxd6+ Kxd6 59. g6
Rxh6 60. g7 Rh5+ 61. Kf4 Rh2 62. g8=Q Rxa2 63. Ke4 Kc6 64. Qd5+ Kb6 65. Qd6+
Kb5 66. Qd7+ Kb6 67. Kd3 Ra1 68. Qd8+ Kb5 69. Qe8+ Kb6 70. Qe6+ Kb5 71. Qc4+
Kb6 72. Qe6+ Kb5 73. Qe5 Ra2 74. Qe8+ Kb6 75. Qe4 a4 76. Qe6+ Kb5 77. Qe8+ Ka5
78. bxa4 Ra3+ 79. Kc4 Rc3+ 80. Kd5 Ka6 81. Kc6 Ka7 82. Qe7+ 1-0

[Event "7. Lichtenberger Sommer"]
[Site "Berlin"]
[Date "2008.08.22"]
[Round "7.26"]
[White "Schnitzer, Peter"]
[Black "Schüler, Wolfgang"]
[Result "1-0"]
[WhiteElo "2176"]
[BlackElo "2061"]
[PlyCount "67"]
[EventDate "2008.??.??"]
[WhiteTeam "SC Kreuzberg e.V."]
[BlackTeam "SC Friesen Lichtenberg e.V."]

1. e4 e5 2. Nf3 Nc6 3. Bb5 a6 4. Bxc6 dxc6 5. O-O Bg4 6. h3 h5 7. d3 Qf6 8.
Nbd2 Bd6 9. Re1 Ne7 10. d4 Ng6 11. hxg4 hxg4 12. Nh2 Rxh2 13. Qxg4 Rh4 14. Qf5
Ne7 15. Qxf6 gxf6 16. dxe5 fxe5 17. Nc4 Kd7 18. g3 Rh5 19. Be3 Rah8 20. Kg2
Rh2+ 21. Kf3 b6 22. Rad1 f6 23. Bxb6 Ke6 24. Rd3 Rh1 25. Rxh1 Rxh1 26. Be3 Rb1
27. Rb3 c5 28. Ra3 Nc6 29. c3 a5 30. b3 Nd4+ 31. cxd4 exd4 32. Nxd6 dxe3 33.
Nc4 exf2 34. Kxf2 1-0

[Event "7. Lichtenberger Sommer"]
[Site "Berlin"]
[Date "2008.08.22"]
[Round "7.27"]
[White "Paul, Reinhart"]
[Black "Schleich, Theodor"]
[Result "1/2-1/2"]
[WhiteElo "2155"]
[BlackElo "2099"]
[PlyCount "44"]
[EventDate "2008.??.??"]
[WhiteTeam "CFC Hertha 06 e.V."]
[BlackTeam "FC Bayern München e.V."]

1. Nf3 e6 2. b3 f5 3. Bb2 Nf6 4. e3 b6 5. Be2 Bb7 6. O-O Be7 7. d3 O-O 8. Nbd2
Qe8 9. Nd4 c5 10. Bf3 Bxf3 11. N4xf3 Nc6 12. h3 Nh5 13. Re1 d6 14. a4 g5 15.
Nc4 Qg6 16. Nh2 Nf6 17. g4 Nd5 18. Qf3 Rad8 19. Qg2 f4 20. Qe4 fxe3 21. Qxg6+
hxg6 22. fxe3 Bf6 1/2-1/2

[Event "7. Lichtenberger Sommer"]
[Site "Berlin"]
[Date "2008.08.22"]
[Round "7.28"]
[White "Dreke, Frank"]
[Black "Newrkla, Alexander"]
[Result "1-0"]
[WhiteElo "2037"]
[BlackElo "2055"]
[PlyCount "141"]
[EventDate "2008.??.??"]
[WhiteTeam "Treptower SV 1949 e.V."]

1. e4 e5 2. Nf3 Nc6 3. d4 exd4 4. Bc4 Nf6 5. e5 d5 6. Bb5 Ne4 7. Nxd4 Bd7 8.
Bxc6 bxc6 9. O-O Be7 10. Nd2 Nxd2 11. Bxd2 c5 12. Ne2 O-O 13. Ng3 f6 14. Bf4 c6
15. Re1 fxe5 16. Bxe5 Bf6 17. Nh5 Bxe5 18. Rxe5 Re8 19. Qe2 Rxe5 20. Qxe5 Qf8
21. Ng3 Qf7 22. Qd6 c4 23. b3 Rf8 24. f3 Qf4 25. Qxf4 Rxf4 26. Ne2 Rf5 27. bxc4
dxc4 28. Rd1 Re5 29. Kf2 Bf5 30. Nd4 Bd7 31. c3 Ra5 32. Rd2 Ra3 33. Ne2 Bf5 34.
Ke3 Bd3 35. Nc1 Rxc3 36. Nxd3 cxd3 37. Rxd3 Rc2 38. Rd2 Rc3+ 39. Kd4 Rc1 40.
Kd3 Kf7 41. Rc2 Rd1+ 42. Kc4 Ke7 43. Kb4 Kd6 44. Ka5 c5 45. Ka6 Kc6 46. Kxa7
Rb1 47. Re2 Rb7+ 48. Ka6 Rd7 49. a4 c4 50. a5 Rd8 51. Re6+ Kd5 52. Re7 Kc6 53.
Re6+ Rd6 54. Re4 c3 55. Rc4+ Kd5+ 56. Kb5 Rg6 57. g4 Rh6 58. h4 Rxh4 59. Rxc3
Rh1 60. Rd3+ Ke5 61. Rb3 Kd6 62. Kb6 Rc1 63. a6 Rc6+ 64. Kb7 Rc7+ 65. Kb8 Rf7
66. Rc3 Rf4 67. Rb3 Rf8+ 68. Kb7 Rf7+ 69. Kb6 Rf8 70. a7 Kd5 71. Ra3 1-0

[Event "7. Lichtenberger Sommer"]
[Site "Berlin"]
[Date "2008.08.22"]
[Round "7.29"]
[White "Friedrich, Wiede"]
[Black "Kropman, Alexei"]
[Result "0-1"]
[WhiteElo "2044"]
[BlackElo "1938"]
[PlyCount "50"]
[EventDate "2008.??.??"]
[WhiteTeam "USV Potsdam e.V., Abt. Schach"]
[BlackTeam "TuS Makkabi Berlin e.V."]

1. e4 e5 2. Nf3 Nc6 3. Bb5 f5 4. O-O fxe4 5. Bxc6 dxc6 6. Nxe5 Qd4 7. Ng4 Bd6
8. Re1 h5 9. Ne3 Be6 10. c3 Qe5 11. Nf1 Nf6 12. d3 O-O 13. f3 Ng4 14. Rxe4 Qf6
15. Nbd2 Bd5 16. Re2 Bc5+ 17. d4 Bxd4+ 18. cxd4 Qxd4+ 19. Kh1 Rxf3 20. Qe1 Rf2
21. Re4 Rxf1+ 22. Qxf1 Nf2+ 23. Kg1 Nxe4+ 24. Kh1 Nxd2 25. Qd1 Qf2 0-1

[Event "7. Lichtenberger Sommer"]
[Site "Berlin"]
[Date "2008.08.22"]
[Round "7.30"]
[White "Segerberg, Tomas"]
[Black "Poseck, Steffen"]
[Result "1-0"]
[WhiteElo "1845"]
[BlackElo "2107"]
[PlyCount "89"]
[EventDate "2008.??.??"]
[WhiteTeam "SG Narva Berlin e.V."]
[BlackTeam "SC Rotation Pankow e.V."]

1. c4 Nf6 2. Nc3 d5 3. cxd5 Nxd5 4. d4 g6 5. e4 Nxc3 6. bxc3 c5 7. Bc4 Bg7 8.
Ne2 O-O 9. O-O Nc6 10. Be3 Na5 11. Bd3 cxd4 12. cxd4 Bg4 13. f3 Be6 14. Rc1
Bxa2 15. Qa4 Be6 16. d5 Bd7 17. Qb4 b6 18. Nd4 Nb7 19. Rfd1 Nc5 20. Bf1 a5 21.
Qa3 Ba4 22. Rd2 Qd7 23. Rb2 Rab8 24. Rcb1 Be5 25. Rxb6 Bxh2+ 26. Kh1 Rfc8 27.
Rxb8 Bxb8 28. Nc6 Bxc6 29. Bxc5 Qc7 30. Rxb8 Qxb8 31. dxc6 Rxc6 32. Qxa5 e6 33.
Bd4 h5 34. Qg5 Kh7 35. Be3 Qf8 36. e5 Rc3 37. Kh2 Kg8 38. Bb6 Qg7 39. Bd8 Kh7
40. Qf4 Rc5 41. Bf6 Qh6 42. Qd4 Rd5 43. Qc4 Qd2 44. Qc8 Qf4+ 45. Kh1 1-0

[Event "7. Lichtenberger Sommer"]
[Site "Berlin"]
[Date "2008.08.22"]
[Round "7.31"]
[White "Alihodzic, Ahmo"]
[Black "Schink, Barbara"]
[Result "1/2-1/2"]
[WhiteElo "1954"]
[BlackElo "2046"]
[PlyCount "96"]
[EventDate "2008.??.??"]
[BlackTeam "Strassenbahn Graz"]

1. e4 e5 2. Nf3 Nc6 3. Bb5 a6 4. Ba4 Nf6 5. d3 b5 6. Bb3 Be7 7. h3 d6 8. Nc3
Na5 9. Nd5 Nxb3 10. Nxf6+ Bxf6 11. axb3 Bb7 12. c4 Qe7 13. Bd2 c6 14. Bb4 O-O
15. O-O g6 16. Re1 c5 17. Bd2 Bg7 18. Bg5 f6 19. Bh4 Qd7 20. Nd2 f5 21. f3 Rf7
22. Ra5 h6 23. Qa1 b4 24. Nf1 g5 25. Bf2 g4 26. hxg4 fxg4 27. Nh2 gxf3 28. gxf3
Qh3 29. Re2 Rf6 30. Qf1 Qe6 31. Rc2 Rg6+ 32. Kh1 Qe7 33. Be3 Bc8 34. Qe1 Bh3
35. Nf1 Bf6 36. Rh2 Qd7 37. Ra1 Kh7 38. Rc1 Rag8 39. Qf2 Bg2+ 40. Qxg2 Rxg2 41.
Rxh6+ Kg7 42. Kxg2 Kf8+ 43. Kf2 Qg7 44. Ke2 Qg2+ 45. Bf2 Qg7 46. Be3 Qf7 47.
Rh2 Bg5 48. Ra1 Bxe3 1/2-1/2

[Event "7. Lichtenberger Sommer"]
[Site "Berlin"]
[Date "2008.08.22"]
[Round "7.32"]
[White "Kohlmeyer, Dagobert"]
[Black "Van Asseldonk, Paul"]
[Result "0-1"]
[WhiteElo "2002"]
[BlackElo "2101"]
[PlyCount "90"]
[EventDate "2008.??.??"]
[WhiteTeam "SC Rochade e.V."]
[BlackTeam "HSC Helmond"]

1. e4 c5 2. Nf3 d6 3. d4 cxd4 4. Nxd4 Nf6 5. Nc3 g6 6. Be3 Bg7 7. f3 O-O 8. Qd2
Nc6 9. Bc4 Bd7 10. O-O-O Ne5 11. Bb3 Rc8 12. g4 b5 13. Bh6 b4 14. Nb1 a5 15.
Bxg7 Kxg7 16. g5 Nh5 17. f4 Nc4 18. Bxc4 Rxc4 19. f5 Qc8 20. Rhf1 Rc5 21. Nb3
Re5 22. Qd4 gxf5 23. exf5 Bxf5 24. Rd2 Kg8 25. a3 Re4 26. Qb6 a4 27. Na1 Bg6
28. axb4 Qc4 29. Rfd1 Qa2 30. Rd3 Re2 31. R3d2 Rxd2 32. Kxd2 Qxa1 33. Qd4 Rc8
34. Na3 Qa2 35. c4 Qb3 36. Qc3 Qxc3+ 37. Kxc3 Nf4 38. b5 Ne6 39. b3 axb3 40.
Kxb3 Nxg5 41. Rd5 Ne6 42. Rd1 Nc5+ 43. Kc3 Ra8 44. Nb1 Ra1 45. Kb2 Rxb1+ 0-1

[Event "7. Lichtenberger Sommer"]
[Site "Berlin"]
[Date "2008.08.22"]
[Round "7.33"]
[White "Eberlein, Johann"]
[Black "Ozeran, Volodymyr"]
[Result "0-1"]
[WhiteElo "1941"]
[BlackElo "1967"]
[PlyCount "88"]
[EventDate "2008.??.??"]
[WhiteTeam "BSV 63 Chemie Weißensee"]
[BlackTeam "SK Dessau 93 e. V."]

1. d4 d5 2. Nf3 Nf6 3. c4 e6 4. Nc3 c6 5. Bg5 Nbd7 6. e3 h6 7. Bh4 Be7 8. Rc1
O-O 9. Qc2 a6 10. a4 Qa5 11. Bd3 dxc4 12. Bxc4 b5 13. Bb3 c5 14. Ne5 Bd6 15.
Nxd7 Nxd7 16. Qe4 Rb8 17. O-O Bb7 18. Qg4 c4 19. Bc2 f5 20. Qg6 Nf6 21. e4 Bc6
22. e5 Be8 23. Qg3 Bc7 24. Qf3 Nh7 25. h3 g5 26. Bg3 b4 27. Ne2 Qd5 28. Qe3 b3
29. Bb1 Ba5 30. Nc3 Bxc3 31. Qxc3 Bxa4 32. f4 Rbd8 33. Rfd1 Rc8 34. Rd2 Bb5 35.
Be1 gxf4 36. Rf2 Rc7 37. Rxf4 Rg7 38. Rf2 Kh8 39. Qe3 Rfg8 40. Qf3 Qxf3 41.
Rxf3 Rxg2+ 42. Kf1 Rxb2 43. Bf2 Rxb1 44. Rxb1 c3+ 0-1

[Event "7. Lichtenberger Sommer"]
[Site "Berlin"]
[Date "2008.08.22"]
[Round "7.34"]
[White "Mielke, Norman"]
[Black "Mai, Andreas"]
[Result "0-1"]
[WhiteElo "2035"]
[BlackElo "1899"]
[PlyCount "78"]
[EventDate "2008.??.??"]
[WhiteTeam "Schachgemeinschaft  Wedding e.V."]
[BlackTeam "SC Friesen Lichtenberg e.V."]

1. e4 d6 2. d4 Nf6 3. Nc3 g6 4. f4 Bg7 5. Nf3 O-O 6. Bd3 Bg4 7. h3 Bxf3 8. Qxf3
e5 9. dxe5 dxe5 10. f5 Nc6 11. Be3 Nd4 12. Qf2 c5 13. O-O-O Qa5 14. g4 c4 15.
Bxc4 b5 16. g5 bxc4 17. gxf6 Bxf6 18. Nd5 Bd8 19. Bxd4 exd4 20. Qxd4 Qxa2 21.
h4 Rb8 22. Nf6+ Bxf6 23. Qxf6 Rb6 24. Qc3 Rfb8 25. f6 h5 26. e5 Qa4 27. Rhe1
Rxb2 28. Rd8+ Rxd8 29. Qxb2 c3 30. Qxc3 Qxh4 31. Qe3 Qa4 32. Qc3 h4 33. e6 Qf4+
34. Re3 fxe6 35. Kb2 Rb8+ 36. Kc1 h3 37. Kd1 h2 38. Rh3 Rb1+ 39. Ke2 Qf1+ 0-1

[Event "7. Lichtenberger Sommer"]
[Site "Berlin"]
[Date "2008.08.22"]
[Round "7.35"]
[White "Buehler, Florian"]
[Black "Fiedler, Wolfgang"]
[Result "1-0"]
[WhiteElo "1992"]
[BlackElo "1992"]
[PlyCount "81"]
[EventDate "2008.??.??"]
[WhiteTeam "Spgem Kötz/Ichenhausen"]
[BlackTeam "SG Narva Berlin e.V."]

1. d4 c5 2. c3 cxd4 3. cxd4 Nf6 4. Nc3 d5 5. Nf3 Nc6 6. Bf4 e6 7. e3 Nh5 8. Bg5
Be7 9. Bxe7 Qxe7 10. Bd3 Nf6 11. Rc1 h6 12. O-O a6 13. Re1 Bd7 14. Bb1 Kf8 15.
e4 dxe4 16. Nxe4 Nxe4 17. Bxe4 Qd6 18. Ne5 Be8 19. Bxc6 bxc6 20. Qf3 Kg8 21.
Nxc6 Bxc6 22. Qxc6 Qxc6 23. Rxc6 Kh7 24. Rc7 Kg6 25. f3 Rhd8 26. Re4 Rd5 27.
Rg4+ Rg5 28. Rxg5+ hxg5 29. Kf2 Rb8 30. b3 Rb6 31. Ke3 f5 32. Kd3 Kf6 33. Kc4
Rd6 34. b4 g6 35. a4 g4 36. fxg4 Kg5 37. gxf5 gxf5 38. b5 Kf4 39. Rc6 axb5+ 40.
axb5 Rd8 41. b6 1-0

[Event "7. Lichtenberger Sommer"]
[Site "Berlin"]
[Date "2008.08.22"]
[Round "7.36"]
[White "Pozzo, Sebastian C"]
[Black "Kurzweil, Thomas"]
[Result "1/2-1/2"]
[WhiteElo "1980"]
[BlackElo "1985"]
[PlyCount "110"]
[EventDate "2008.??.??"]
[WhiteTeam "Streatham"]
[BlackTeam "Spgem Kötz/Ichenhausen"]

1. e4 e5 2. Nf3 Nc6 3. d4 exd4 4. Bc4 Be7 5. c3 d3 6. Qb3 Nf6 7. Bxf7+ Kf8 8.
Bd5 d6 9. Ng5 Nxd5 10. Qxd5 Bxg5 11. Bxg5 Qe8 12. f4 h6 13. Bh4 Be6 14. Qxd3
Qf7 15. Nd2 Ke8 16. O-O Qh5 17. Nf3 Rf8 18. f5 Bg8 19. Rae1 Kd7 20. Rd1 g5 21.
Bg3 g4 22. Bxd6 Bc4 23. Qxc4 cxd6 24. Qe6+ Kc7 25. Rxd6 Rae8 26. Rd7+ Kb8 27.
Qd6+ Ka8 28. Nd4 g3 29. hxg3 Nxd4 30. cxd4 Rc8 31. Qd5 Rb8 32. Rc1 Qg5 33. Rcc7
Qxg3 34. Qb3 Qe1+ 35. Kh2 Qh4+ 36. Qh3 Qf4+ 37. Qg3 Qxe4 38. f6 Rg8 39. Rxb7
Qxb7 40. Rxb7 Kxb7 41. Qd6 Rbd8 42. Qe7+ Kb6 43. f7 Rh8 44. d5 h5 45. d6 Kc6
46. d7 Kd5 47. Qe8 Kd4 48. f8=Q Rxf8 49. Qe7 Rh8 50. b4 Ra8 51. a4 Kc4 52. b5
h4 53. Qe4+ Kc5 54. Kh3 Kd6 55. Qc6+ Ke5 1/2-1/2

[Event "7. Lichtenberger Sommer"]
[Site "Berlin"]
[Date "2008.08.22"]
[Round "7.37"]
[White "Vollbrecht, Lars"]
[Black "Graudons, Karsten"]
[Result "0-1"]
[WhiteElo "1709"]
[BlackElo "1999"]
[PlyCount "64"]
[EventDate "2008.??.??"]
[WhiteTeam "SF Siemensstadt"]
[BlackTeam "USV Potsdam e.V., Abt. Schach"]

1. e4 e5 2. Bc4 Nf6 3. d3 Nc6 4. Nf3 d5 5. exd5 Nxd5 6. h3 Bc5 7. O-O O-O 8.
Bd2 Nb6 9. Bb3 a5 10. a3 a4 11. Ba2 Qf6 12. Nc3 Bf5 13. Nd5 Nxd5 14. Bxd5 Rfe8
15. Ng5 Bg6 16. Ne4 Bxe4 17. dxe4 Ne7 18. Ba2 Red8 19. Qe2 Qc6 20. Bg5 Rd4 21.
Qf3 Rf8 22. Be3 Rd6 23. Bxc5 Qxc5 24. c3 Qb5 25. Rab1 Rd3 26. c4 Qd7 27. Qh5
Ng6 28. Rbd1 Rd8 29. Rxd3 Qxd3 30. Qg4 c5 31. Bb1 Qd2 32. f4 Nxf4 0-1

[Event "7. Lichtenberger Sommer"]
[Site "Berlin"]
[Date "2008.08.22"]
[Round "7.38"]
[White "Lerch, Philipp"]
[Black "Gohlke, Herbert"]
[Result "1-0"]
[WhiteElo "1819"]
[BlackElo "2089"]
[PlyCount "71"]
[EventDate "2008.??.??"]
[WhiteTeam "TuS Makkabi Berlin e.V."]
[BlackTeam "SG Lok Brandenburg, Abt. Schach"]

1. e4 Nc6 2. d4 e5 3. Nf3 exd4 4. Bc4 d6 5. Nxd4 Nxd4 6. Qxd4 Be6 7. Nc3 Ne7 8.
Bxe6 fxe6 9. Bg5 Nc6 10. Qd2 Be7 11. Bxe7 Qxe7 12. O-O-O O-O 13. f4 Kh8 14.
Rdf1 a6 15. Rf3 b5 16. Rh3 b4 17. Ne2 Qf7 18. Kb1 a5 19. Qd3 e5 20. f5 g6 21.
Rf1 Ne7 22. Ng3 gxf5 23. Nxf5 Ng6 24. Rhf3 Nf4 25. Qd2 d5 26. exd5 Qxf5 27. g3
Rad8 28. gxf4 e4 29. Qd4+ Rf6 30. Rg3 Rxd5 31. Rfg1 h5 32. Rg8+ Kh7 33. R8g7+
Kh8 34. Rg8+ Kh7 35. R1g7+ Kh6 36. Qg1 1-0

[Event "7. Lichtenberger Sommer"]
[Site "Berlin"]
[Date "2008.08.22"]
[Round "7.39"]
[White "Kühnemund, Lutz"]
[Black "Kleine, Peter"]
[Result "1-0"]
[WhiteElo "1920"]
[BlackElo "1903"]
[PlyCount "29"]
[EventDate "2008.??.??"]
[WhiteTeam "SC Friesen Lichtenberg e.V."]
[BlackTeam "SV Berlin-Friedrichstadt"]

1. b4 c6 2. c4 a5 3. b5 cxb5 4. cxb5 d5 5. Bb2 d4 6. Nf3 e5 7. e3 dxe3 8. fxe3
f6 9. Bc4 Nh6 10. O-O Qb6 11. Nc3 Bb4 12. Nd5 Qc5 13. Rc1 Nf5 14. Bb3 Nxe3 15.
dxe3 1-0

[Event "7. Lichtenberger Sommer"]
[Site "Berlin"]
[Date "2008.08.22"]
[Round "7.40"]
[White "Baumeister, Wolfgang"]
[Black "Berendsen, Markus"]
[Result "0-1"]
[WhiteElo "1806"]
[BlackElo "2123"]
[PlyCount "134"]
[EventDate "2008.??.??"]
[WhiteTeam "SC Kreuzberg e.V."]
[BlackTeam "Oberhausen Schachverein 1887 e.V"]

1. e4 c5 2. Nf3 Nc6 3. Bb5 g6 4. c3 Nf6 5. Qa4 Bg7 6. d4 cxd4 7. Bxc6 dxc6 8.
e5 Nd5 9. cxd4 O-O 10. O-O Be6 11. Ng5 Qd7 12. Nxe6 Qxe6 13. Qb3 Rab8 14. Nc3
Rfd8 15. Ne4 Nc7 16. Nc5 Qxb3 17. Nxb3 Ne6 18. Be3 f5 19. f4 Rd5 20. Rad1 Rbd8
21. a4 Kf7 22. Rd2 Bf8 23. Rfd1 Nc7 24. Nc5 Rb8 25. Nd3 e6 26. b4 a5 27. bxa5
Rxa5 28. Nb2 Nd5 29. Rd3 b5 30. Bd2 Ra6 31. Rb3 Ke8 32. g3 Kd7 33. Rc1 Raa8 34.
axb5 Rxb5 35. Rxb5 cxb5 36. Nd3 Ra4 37. Nc5+ Bxc5 38. dxc5 Kc6 39. Kf2 Ra2 40.
Ke2 b4 41. Kd3 Ra5 42. Rc4 Rb5 43. Kc2 Rxc5 44. Kb3 Rxc4 45. Kxc4 b3 46. Kxb3
Kb5 47. Kc2 Kc4 48. Kd1 Kd3 49. Ke1 h5 50. Ba5 Ke3 51. Bd8 Kf3 52. Kf1 Ne3+ 53.
Kg1 Ng2 54. Bg5 h4 55. gxh4 Nxf4 56. Bf6 Nd3 57. Kf1 Ke4 58. Ke2 Nxe5 59. Bxe5
Kxe5 60. Kf3 Kf6 61. Ke3 e5 62. Kf3 Kg7 63. Kg3 Kh6 64. Kf3 Kh5 65. Kg3 e4 66.
h3 e3 67. Kf3 f4 0-1

[Event "7. Lichtenberger Sommer"]
[Site "Berlin"]
[Date "2008.08.22"]
[Round "7.41"]
[White "Getzuhn, Detlef"]
[Black "Rozov, Boris"]
[Result "0-1"]
[WhiteElo "1979"]
[BlackElo "2155"]
[PlyCount "34"]
[EventDate "2008.??.??"]
[WhiteTeam "SV Senat"]
[BlackTeam "SV Dresden-Leuben"]

1. e4 c6 2. d4 d5 3. e5 Bf5 4. Nf3 e6 5. c3 c5 6. Be3 Qb6 7. Qc1 Nc6 8. dxc5
Bxc5 9. Bxc5 Qxc5 10. Nbd2 Nge7 11. Nb3 Qb6 12. Nbd4 Be4 13. Bb5 O-O 14. O-O
Bxf3 15. Bxc6 Bxg2 16. Bxb7 Bxf1 17. Bxa8 Ba6 0-1

[Event "7. Lichtenberger Sommer"]
[Site "Berlin"]
[Date "2008.08.22"]
[Round "7.42"]
[White "Koch, Friedrich"]
[Black "Tong, Lukas Fabian Chuan"]
[Result "1/2-1/2"]
[WhiteElo "2063"]
[BlackElo "1798"]
[PlyCount "39"]
[EventDate "2008.??.??"]
[WhiteTeam "SV Empor Berlin e.V."]
[BlackTeam "SV Empor Berlin e.V."]

1. e4 e6 2. d4 d5 3. exd5 exd5 4. Bd3 Nf6 5. Bf4 c5 6. Nf3 Nc6 7. O-O cxd4 8.
Re1+ Be7 9. Bb5 Bg4 10. h3 Bxf3 11. Qxf3 O-O 12. Nd2 Bb4 13. Red1 Qb6 14. a4 a6
15. Bxc6 bxc6 16. Nb3 c5 17. a5 Qb7 18. c3 Bxc3 19. Nxc5 Qxb2 20. Na4 1/2-1/2

[Event "7. Lichtenberger Sommer"]
[Site "Berlin"]
[Date "2008.08.22"]
[Round "7.43"]
[White "Sabrowski, Uwe"]
[Black "Körner, Helmut"]
[Result "1-0"]
[WhiteElo "2142"]
[BlackElo "1981"]
[PlyCount "87"]
[EventDate "2008.??.??"]
[WhiteTeam "TSG Oberschöneweide e.V."]
[BlackTeam "Sfr.Nord-Ost Berlin"]

1. d4 Nf6 2. c4 d6 3. Nc3 c6 4. e4 e5 5. Nf3 Nbd7 6. Be2 Be7 7. O-O O-O 8. b3
Qc7 9. Qc2 Re8 10. Bg5 Nf8 11. h3 h6 12. Bh4 g5 13. Bg3 Ng6 14. dxe5 dxe5 15.
Rad1 Be6 16. Qc1 Nd7 17. Nd5 cxd5 18. cxd5 Qxc1 19. Rxc1 Bxd5 20. exd5 Bd6 21.
Bb5 Red8 22. Rfe1 f6 23. Bd3 Ne7 24. Nd4 Nb6 25. Nf5 Nxf5 26. Bxf5 Kf8 27. Red1
Ke7 28. f3 Nd7 29. Bf2 b6 30. Rc6 Rab8 31. Rdc1 Nc5 32. b4 Nd7 33. a3 a5 34.
bxa5 bxa5 35. a4 Rb4 36. R6c4 Rdb8 37. Be1 Rxc4 38. Rxc4 Nb6 39. Rc6 Nxd5 40.
Ra6 Bb4 41. Bf2 Rb7 42. Re6+ Kf7 43. Rc6 Rc7 44. Be6+ 1-0

[Event "7. Lichtenberger Sommer"]
[Site "Berlin"]
[Date "2008.08.22"]
[Round "7.44"]
[White "Albinus, Günter"]
[Black "Grassi, Fabrizio"]
[Result "0-1"]
[WhiteElo "1920"]
[BlackElo "1960"]
[PlyCount "102"]
[EventDate "2008.??.??"]
[WhiteTeam "SG Weißensee 49 e.V."]
[BlackTeam "SV Berlin-Friedrichstadt"]

1. Nf3 d5 2. c4 c6 3. b3 Bf5 4. d3 e6 5. Bb2 Nf6 6. g3 Be7 7. Bg2 Nbd7 8. Nbd2
h6 9. Qc2 O-O 10. O-O a5 11. a3 Bh7 12. Bc3 Nb6 13. Qb2 a4 14. b4 dxc4 15. dxc4
Nbd7 16. c5 Qc7 17. Ne5 Rfd8 18. Ndc4 Bf8 19. Rfd1 Nd5 20. Nxd7 Rxd7 21. Be5
Qd8 22. e4 b5 23. exd5 bxc4 24. d6 Rc8 25. Bf1 Be4 26. Bxc4 Qg5 27. Be2 Qf5 28.
Qc3 f6 29. Bd4 Bd5 30. Rac1 Qe4 31. f3 Qxe2 32. Re1 Qxf3 33. Qxf3 Bxf3 34. Rxe6
Bd5 35. Re3 Kf7 36. Rce1 Bc4 37. g4 Ra8 38. Kg2 Rdd8 39. Kf3 Re8 40. h4 Rxe3+
41. Rxe3 Re8 42. Rxe8 Kxe8 43. g5 fxg5 44. hxg5 hxg5 45. Kg4 Bd3 46. Kxg5 Kd7
47. Kf4 Ke6 48. Bc3 Bg6 49. Kg5 Be8 50. Kf4 g6 51. Kg5 Kf7 0-1

[Event "7. Lichtenberger Sommer"]
[Site "Berlin"]
[Date "2008.08.22"]
[Round "7.45"]
[White "Gebert, Ralf"]
[Black "Krannich, Sven"]
[Result "1/2-1/2"]
[WhiteElo "2081"]
[BlackElo "1876"]
[PlyCount "57"]
[EventDate "2008.??.??"]
[WhiteTeam "SG Güstrow/Teterow"]
[BlackTeam "USC Viadrina Frankfurt (Oder) e."]

1. e4 c5 2. Nf3 e6 3. d4 cxd4 4. Nxd4 Bc5 5. Nb3 Bb6 6. Bd3 Ne7 7. O-O Nbc6 8.
Nc3 O-O 9. Na4 Bc7 10. f4 f5 11. c4 b6 12. Nc3 Bb7 13. a3 fxe4 14. Nxe4 Nf5 15.
Bc2 Qh4 16. Qxd7 Rf7 17. Qd2 Rd8 18. Qf2 Qxf2+ 19. Rxf2 Ncd4 20. Nc3 Nxc2 21.
Rxc2 Nd4 22. Nxd4 Rxd4 23. Be3 Rxc4 24. g3 e5 25. fxe5 Bxe5 26. Rd1 h6 27. Rd8+
Kh7 28. Re8 Bxc3 29. Rxc3 1/2-1/2

[Event "7. Lichtenberger Sommer"]
[Site "Berlin"]
[Date "2008.08.22"]
[Round "7.46"]
[White "Keusch, Horst"]
[Black "Fischer, Anke"]
[Result "1-0"]
[WhiteElo "1925"]
[BlackElo "1835"]
[PlyCount "45"]
[EventDate "2008.??.??"]
[WhiteTeam "SC Friesen Lichtenberg e.V."]
[BlackTeam "SG Lasker Steglitz-Wilmersdorf"]

1. f4 d5 2. Nf3 e6 3. e3 Nf6 4. Be2 c5 5. O-O Be7 6. d3 Nc6 7. Qe1 O-O 8. Nc3
a6 9. Ne5 Qc7 10. Nxc6 Qxc6 11. Bf3 Qc7 12. e4 dxe4 13. dxe4 Rd8 14. b3 b5 15.
Bd2 Bb7 16. e5 Nd5 17. Nxd5 Bxd5 18. Ba5 Qa7 19. Bxd8 Rxd8 20. Kh1 c4 21. Rd1
h6 22. Qg3 f5 23. Qg6 1-0

[Event "7. Lichtenberger Sommer"]
[Site "Berlin"]
[Date "2008.08.22"]
[Round "7.47"]
[White "Casny, Guenter"]
[Black "Plicka, Jiri"]
[Result "1/2-1/2"]
[WhiteElo "1903"]
[BlackElo "1941"]
[PlyCount "35"]
[EventDate "2008.??.??"]
[WhiteTeam "SC Rochade e.V."]
[BlackTeam "SK Libehrad Libcice"]

1. e4 e6 2. d4 d5 3. Nc3 Nf6 4. e5 Nfd7 5. Nf3 a6 6. Bg5 Be7 7. Bxe7 Qxe7 8.
Be2 c5 9. dxc5 Nxc5 10. O-O Nc6 11. Re1 O-O 12. Qd2 Rd8 13. Bd3 Nxd3 14. Qxd3
Bd7 15. a3 Rac8 16. Ne2 Na5 17. Ned4 Be8 18. Nd2 1/2-1/2

[Event "7. Lichtenberger Sommer"]
[Site "Berlin"]
[Date "2008.08.22"]
[Round "7.48"]
[White "Richter, Götz"]
[Black "Hesselbarth, Karlheinz"]
[Result "1/2-1/2"]
[WhiteElo "1997"]
[BlackElo "1857"]
[PlyCount "46"]
[EventDate "2008.??.??"]
[WhiteTeam "Klub Kölner Schachfreunde e.V. 1"]
[BlackTeam "SC Zugzwang 95 e.V."]

1. e4 e5 2. Nf3 Nc6 3. d4 exd4 4. Nxd4 Qh4 5. Nb5 Qxe4+ 6. Be2 Bb4+ 7. N1c3 Kd8
8. O-O Bxc3 9. bxc3 Nge7 10. Bd3 Qh4 11. Re1 a6 12. Re4 Qf6 13. Nd4 Nxd4 14.
cxd4 d5 15. Re5 Qd6 16. a4 Be6 17. Ba3 Qd7 18. Bxe7+ Kxe7 19. Qd2 g6 20. Re3
Kf8 21. a5 Re8 22. Be2 Bg4 23. Bxg4 Qxg4 1/2-1/2

[Event "7. Lichtenberger Sommer"]
[Site "Berlin"]
[Date "2008.08.22"]
[Round "7.49"]
[White "Pozzo, Dominic"]
[Black "Merz, Rüdiger"]
[Result "0-1"]
[WhiteElo "1248"]
[BlackElo "1904"]
[PlyCount "82"]
[EventDate "2008.??.??"]
[WhiteTeam "Richmond Juniors"]
[BlackTeam "SK Zehlendorf e.V."]

1. e4 c5 2. Nc3 e6 3. g3 d5 4. Bg2 d4 5. Nce2 e5 6. Nf3 Nc6 7. d3 g6 8. O-O Bg7
9. Ng5 f6 10. Nh3 Nge7 11. f4 Be6 12. fxe5 Nxe5 13. Nef4 Bf7 14. Nf2 h5 15. c3
g5 16. Qa4+ N5c6 17. Nd5 O-O 18. Nxe7+ Qxe7 19. Qd1 Rad8 20. c4 Ne5 21. Bf3
Nxf3+ 22. Qxf3 Bg6 23. Qd1 Rd6 24. g4 hxg4 25. Qxg4 Qe8 26. Nh3 Re6 27. Kh1 Re5
28. Rg1 Bh5 29. Qg3 Qe7 30. Nf4 gxf4 31. Bxf4 Rg5 32. Bxg5 fxg5 33. Raf1 Rxf1
34. Rxf1 Bf6 35. Qb8+ Kg7 36. Qxa7 Be2 37. Re1 Bxd3 38. Qa4 Bxe4+ 39. Kg1 d3
40. Qd1 Bd4+ 41. Kf1 Qf6+ 0-1